| 000 | 00511nam a22001937a 4500 | ||
|---|---|---|---|
| 005 | 20260225111744.0 | ||
| 010 | _aENG-145379 | ||
| 020 |
_a9788193585719 _c150.00 |
||
| 035 | _aEN-128911 | ||
| 037 | _bDBAD | ||
| 082 | 1 | 4 |
_a347.972 _21 |
| 245 | _aNPA Criminal Law Review-2017/ | ||
| 250 | _a1 | ||
| 260 |
_aHyderabad _bSardar VallahBhai Patel National Police academy _c2017 |
||
| 270 | _bHyderabad | ||
| 300 |
_a174p. _c22cm(pbk) |
||
| 490 | _v4 | ||
| 942 |
_adpl _cEN _2ddc _h347.972 _mNPA |
||
| 999 |
_c211809 _d211809 |
||